| 000 | 00555nam a22001817a 4500 | ||
|---|---|---|---|
| 999 |
_c526014 _d526014 |
||
| 003 | NUST | ||
| 020 | _qHB/K | ||
| 038 | _aFaiza | ||
| 082 |
_a891.421 _bKUD |
||
| 100 |
_aKudowal, Piara Singh _916971 |
||
| 245 |
_aSamian Ton Par / _cPiara Singh Kudowal |
||
| 260 |
_aLahore : _bMaan Boli Research Center, _c2011. |
||
| 300 | _a136 p. ; | ||
| 880 |
_6100-01\r _aپیارا سنگھ کُدووال |
||
| 880 |
_6245-02\r _aسمیاں توں پار / |
||
| 880 |
_6260-03\r _aلاہور : _bماں بولی ریسرچ سنٹر, _c۲۰۱۱. |
||
| 942 |
_2ddc _cBK |
||